Pancho Villa : (Record no. 1358)

MARC details
000 -LEADER
fixed length control field 00942cam a2200289 4500
005 - DATE AND TIME OF LATEST TRANSACTION
control field 20260322212057.0
008 - FIXED-LENGTH DATA ELEMENTS--GENERAL INFORMATION
fixed length control field data
010 ## - LIBRARY OF CONGRESS CONTROL NUMBER
LC control number 70180104
020 ## - INTERNATIONAL STANDARD BOOK NUMBER
International Standard Book Number 0385061889 (prebound)
-- 0385061889 (prebound)
020 ## - INTERNATIONAL STANDARD BOOK NUMBER
International Standard Book Number 0385061889 (prebound)
-- 0385061889 (prebound)
040 ## - CATALOGING SOURCE
Original cataloging agency DLC
Transcribing agency DLC
Modifying agency DLC
042 ## - AUTHENTICATION CODE
Authentication code lcac
050 00 - LIBRARY OF CONGRESS CALL NUMBER
Classification number F1234
Item number .V726 1972
082 00 - DEWEY DECIMAL CLASSIFICATION NUMBER
Classification number 92
-- B
-- 92
001 - CONTROL NUMBER
control field data
100 1# - MAIN ENTRY--PERSONAL NAME
Personal name Rouverol, Jean.
245 10 - TITLE STATEMENT
Title Pancho Villa :
Remainder of title a biography /
Statement of responsibility, etc. Jean Rouverol.
250 ## - EDITION STATEMENT
Edition statement [1st ed.]
260 ## - PUBLICATION, DISTRIBUTION, ETC.
Place of publication, distribution, etc. Garden City, N.Y.,
Name of publisher, distributor, etc. Doubleday
Date of publication, distribution, etc. [1972]
300 ## - PHYSICAL DESCRIPTION
Extent 208 p.
Other physical details illus.
Dimensions 22 cm.
350 ## - PRICE (NR) (BK AM CF MU VM SE) [OBSOLETE]
Price {dollar}4.50
504 ## - BIBLIOGRAPHY, ETC. NOTE
Bibliography, etc. note Bibliography: p. [207]-208.
520 ## - SUMMARY, ETC.
Summary, etc. A biography of the turn-of-the-century Mexican outlaw who helped overthrow the Diaz government in the Revolution of 1910.
600 10 - SUBJECT ADDED ENTRY--PERSONAL NAME
Personal name Villa, Pancho,
Dates associated with a name 1878-1923
General subdivision Juvenile literature.
600 11 - SUBJECT ADDED ENTRY--PERSONAL NAME
Personal name Villa, Pancho,
Dates associated with a name 1878-1923.
651 #1 - SUBJECT ADDED ENTRY--GEOGRAPHIC NAME
Geographic name Mexico
General subdivision History.
Holdings
Withdrawn status Lost status Damaged status Not for loan Home library Current library Shelving location Date acquired Total checkouts Full call number Barcode Date last seen Price effective from Koha item type
        Pleasant Valley Pleasant Valley General stacks 22/03/2026   972.08/1/0924 B 92 BC0011404 22/03/2026 22/03/2026 Books